000 00685nam a2200193Ia 4500
003 GCL
008 140319s9999 xx 000 0 ara d
040 _aGCL /
_cGCL
082 0 4 _a338.9
_bا و
100 1 _aاكاديمية البحث العلمى والتكنولوجيا
245 1 0 _aالوثيقة المتكاملة لتنفيذ السياسة التكنولوجية القومية لمصر /
_cاكاديمية البحث العلمى والتكنولوجيا
300 _a60 ص
490 _a
650 0 4 _aمصر
650 0 4 _aالتكنولوجيا
650 0 4 _aالعلوم التطبيقية
650 0 4 _aالتكنولوجيا والدولة
942 _2ddc
_cBK
999 _c40205
_d40205